000 00579nam a2200205Ia 4500
001 16050
003 GE_BSU
008 181216s||||||||xx |||||||||||||| ||und||
040 _cGE_BSU
080 _a821.353.1-11
100 _aჭანტურია, ტარიელ
245 _aპოემები
245 _cრედ.ლ.თურმანიძე.. მხ.გ.გრანელი
260 _aთბილისი
260 _bმერანი
260 _c1979
300 _a139გვ. ; 16სმ.
653 _aპოემები
942 _cBK
999 _c49140
_d49140